[Event "Titled Tue 3rd Jan Late"]
[Site "chess.com INT"]
[Date "2025.06.03"]
[Round "2"]
[White "Ali, Sebbar"]
[Black "Garg, Priyansh"]
[Result "1-0"]
[WhiteTitle "IM"]
[WhiteElo "2400"]
[BlackElo "2102"]
[WhiteFideId "8100977"]
[BlackFideId "30984696"]
[EventDate "2025.06.03"]

1. e4 e5 2. Nf3 Nf6 3. Nxe5 d6 4. Nf3 Nxe4 5. Nc3 Nxc3 6. dxc3 Be7 7. Be3 Nd7 8.
Qd2 Ne5 9. O-O-O Be6 10. b3 O-O 11. Nd4 Bd7 12. h3 c5 13. Ne2 Qa5 14. Kb1 b5 15.
Nf4 Rab8 16. Nd5 Bd8 17. c4 Qxd2 18. Bxd2 bxc4 19. f4 cxb3 20. fxe5 bxc2+ 21.
Kxc2 Ba4+ 22. Kc1 Bxd1 23. Kxd1 dxe5 24. Kc2 Re8 25. Bc4 Be7 26. Rf1 Bf8 27. a4
Rb7 28. a5 Rd8 29. Bc3 Rbd7 30. Ne3 Bd6 31. a6 Bc7 32. Nf5 h6 33. Bb5 Rd5 34.
Ne7+ Kf8 35. Nxd5 Rxd5 36. Bc4 Rd7 37. Rf5 f6 38. g4 Bd8 39. Bxe5 Ke7 40. Bc3
Bb6 41. h4 Rd6 42. g5 hxg5 43. hxg5 Rc6 44. g6 Rd6 45. Rh5 Rd7 46. Rh7 Kd6 47.
Bf7 Ke7 48. Rxg7 Kf8 49. Rg8+ Ke7 50. Re8+ Kd6 51. g7 Bd8 52. g8=Q 1-0

[Event "Titled Tue 3rd Jan Late"]
[Site "chess.com INT"]
[Date "2025.06.03"]
[Round "2"]
[White "Askarov, Bakhtiyar"]
[Black "Matta, Vinay Kumar"]
[Result "0-1"]
[WhiteTitle "IM"]
[BlackTitle "FM"]
[WhiteElo "2300"]
[BlackElo "2120"]
[WhiteFideId "13701100"]
[BlackFideId "5016649"]
[EventDate "2025.06.03"]

1. d4 Nf6 2. Nf3 g6 3. g3 Bg7 4. Bg2 O-O 5. O-O d6 6. b3 c5 7. e3 Nc6 8. Bb2 Bg4
9. h3 Bxf3 10. Bxf3 cxd4 11. exd4 d5 12. Nd2 Qd7 13. Bg2 Rac8 14. a3 e6 15. Re1
Ne8 16. Nf3 Nd6 17. Qd3 Nf5 18. Rad1 Qc7 19. Re2 a6 20. g4 Nd6 21. Ne5 Nb5 22.
Rde1 Qd6 23. Nxc6 Rxc6 24. c4 Nxd4 25. Bxd4 dxc4 26. bxc4 Bxd4 27. Rd1 Rd8 28.
Bxc6 Qxc6 29. Qb3 b5 30. cxb5 axb5 31. Rde1 e5 32. Qg3 Qc5 33. Qf3 Kg7 34. g5
Rd6 35. h4 Re6 36. Qe4 Ra6 37. Rc2 Qb6 38. Kg2 Rxa3 39. Rec1 Qe6 40. Rc6 Qh3+
41. Kg1 Rg3+ 0-1

[Event "Titled Tue 3rd Jan Late"]
[Site "chess.com INT"]
[Date "2025.06.03"]
[Round "2"]
[White "Radchenko, Alexey"]
[Black "Ngo, Quang Thai"]
[Result "1-0"]
[WhiteTitle "FM"]
[WhiteElo "2293"]
[BlackElo "2341"]
[WhiteFideId "4192362"]
[BlackFideId "12403768"]
[EventDate "2025.06.03"]

1. d4 e6 2. Nf3 d5 3. c4 Nf6 4. Nc3 dxc4 5. e3 a6 6. Bxc4 b5 7. Be2 Bb7 8. O-O
Nbd7 9. a3 c5 10. Qc2 Bd6 11. dxc5 Nxc5 12. b4 Nce4 13. Bb2 Qc7 14. Rac1 Rc8 15.
Nxe4 Bxe4 16. Qd2 Bc6 17. Rxc6 Qxc6 18. Rc1 Bxh2+ 19. Kxh2 Qd7 20. Rxc8+ Qxc8
21. Qd6 Qd7 22. Qb8+ Qd8 23. Qxd8+ Kxd8 24. Ne5 Ke7 25. Bd4 Nd5 26. Bf3 f6 27.
Bc5+ Ke8 28. Nc6 Kd7 29. Nd4 h5 30. Kg3 g6 31. Bd1 e5 32. Nb3 Nc3 33. Bc2 f5 34.
f3 Ke6 35. e4 f4+ 36. Kf2 Rd8 37. Bb6 Rd7 38. Nc5+ Kd6 39. Nxd7 Kxd7 40. Bb3 Kd6
41. Ke1 Nb1 42. Bc5+ Kc6 43. Bf7 1-0

[Event "Titled Tue 3rd Jan Late"]
[Site "chess.com INT"]
[Date "2025.06.03"]
[Round "2"]
[White "Silva, Luca"]
[Black "Rustamov, Rustam"]
[Result "0-1"]
[WhiteTitle "FM"]
[BlackTitle "FM"]
[WhiteElo "2227"]
[BlackElo "2323"]
[WhiteFideId "147370"]
[BlackFideId "13440110"]
[EventDate "2025.06.03"]

1. e4 c5 2. Nf3 d6 3. Bb5+ Bd7 4. Bxd7+ Qxd7 5. c3 Nf6 6. Qe2 e6 7. O-O Be7 8.
d4 cxd4 9. cxd4 O-O 10. Nc3 Nc6 11. Bf4 d5 12. e5 Ne8 13. Rfe1 Rc8 14. Rad1 Na5
15. h4 a6 16. Rd3 b5 17. a3 Nc4 18. Bg5 h6 19. Bxe7 Qxe7 20. g4 Rb8 21. h5 b4
22. axb4 Rxb4 23. Nd1 g5 24. hxg6 fxg6 25. b3 Na5 26. Qe3 g5 27. Kg2 Rf4 28. Kg3
Qb7 29. Rh1 Kg7 30. Rh5 Re4 31. Qd2 Nxb3 32. Qc3 Qe7 33. Ne3 a5 34. Qc6 Rf4 35.
Nf5+ Rxf5 36. gxf5 Qf7 37. f6+ Kg6 38. Rh3 Rc4 39. Nh2 Rxc6 40. Ng4 h5 41. Ne3
a4 42. Rd1 Nxf6 43. exf6 Qxf6 44. Rdh1 h4+ 45. Kg2 Nxd4 0-1

[Event "Titled Tue 3rd Jan Late"]
[Site "chess.com INT"]
[Date "2025.06.03"]
[Round "2"]
[White "Morais, Renan de Souza Stockler"]
[Black "Mirimanian, Hayk"]
[Result "0-1"]
[WhiteTitle "CM"]
[BlackTitle "FM"]
[WhiteElo "1703"]
[BlackElo "2237"]
[WhiteFideId "2187701"]
[BlackFideId "4700180"]
[EventDate "2025.06.03"]

1. d4 d5 2. Bf4 c6 3. e3 Qb6 4. b3 Nf6 5. Nd2 Bf5 6. c4 e6 7. Ngf3 Nbd7 8. Be2
Ba3 9. Nh4 Be4 10. O-O h6 11. Nhf3 Bh7 12. c5 Qa5 13. Ne5 Nxe5 14. Bxe5 O-O 15.
Bxf6 gxf6 16. Nf3 b6 17. Bd3 bxc5 18. Bxh7+ Kxh7 19. Qc2+ Kg7 20. dxc5 Rfc8 21.
Nd4 Qxc5 22. Qxc5 Bxc5 23. Rac1 Bxd4 24. exd4 a5 25. Rc3 a4 26. b4 a3 27. Rb1
Kf8 28. Rbb3 Ra4 29. Rb1 Ke7 30. f4 Kd6 31. Kf2 Rb8 32. Rcb3 e5 33. fxe5+ fxe5
34. dxe5+ Kxe5 35. g4 Kf4 36. h3 Ke5 37. Ke3 d4+ 38. Kd3 Kd5 39. Kd2 Kc4 40.
Rc1+ Kd5 41. Rcb1 f6 42. b5 c5 43. Rf3 Kc4 44. Rxf6 Rxb5 45. Rxb5 Kxb5 46. Rxh6
Rb4 47. g5 Rb2+ 48. Kd3 Rxa2 49. g6 Rg2 50. h4 a2 51. h5 a1=Q 52. Rh8 Qb1# 0-1

[Event "Titled Tue 3rd Jan Late"]
[Site "chess.com INT"]
[Date "2025.06.03"]
[Round "2"]
[White "Mafra, Kaiser Luiz"]
[Black "Elier, Ali"]
[Result "1/2-1/2"]
[WhiteTitle "CM"]
[BlackTitle "CM"]
[WhiteElo "2094"]
[BlackElo "2142"]
[WhiteFideId "2106698"]
[BlackFideId "16217543"]
[EventDate "2025.06.03"]

1. d4 Nf6 2. Nc3 d5 3. Bf4 e6 4. e3 a6 5. g4 Bd6 6. Qf3 Bxf4 7. Qxf4 Qd6 8. Qxd6
cxd6 9. h3 Nc6 10. O-O-O b5 11. Bg2 Rb8 12. Nge2 Nd7 13. e4 dxe4 14. Nxe4 Ke7
15. d5 exd5 16. Rxd5 Nb4 17. Rxd6 Bb7 18. Rhd1 Rhd8 19. Rxd7+ Rxd7 20. Rxd7+
Kxd7 21. Nc5+ Kc7 22. Nxb7 Rxb7 23. Bxb7 Kxb7 24. a3 Nd5 25. Kd2 Kc7 26. Kd3 Kd6
27. Ke4 h5 28. f3 Nf6+ 29. Kf5 hxg4 30. fxg4 Nd5 31. Ke4 Nb6 32. b3 Nd5 33. h4
Nf6+ 34. Kf5 Nd5 35. Ke4 Nf6+ 36. Kf3 Ke5 37. Nf4 Ne4 38. g5 Nd2+ 39. Ke3 Nf1+
40. Kf3 Nd2+ 41. Kg4 Nb1 42. h5 f5+ 43. Kg3 Nxa3 44. h6 gxh6 45. gxh6 Kf6 46.
Kh4 Nxc2 47. Kh5 Ne3 48. b4 Nc2 49. Nd5+ Kf7 50. Kg5 f4 51. h7 Kg7 52. Kxf4 Kxh7
53. Ke4 Kg6 54. Ke5 Kf7 55. Kd6 Nd4 56. Kc5 Nb3+ 57. Kb6 Ke6 58. Nc7+ Kd6 59.
Nxa6 Nd4 60. Nc7 Nc2 61. Nxb5+ Kd5 62. Nc7+ Kc4 63. b5 Nd4 64. Na6 Nxb5 1/2-1/2

[Event "Titled Tue 3rd Jan Late"]
[Site "chess.com INT"]
[Date "2025.06.03"]
[Round "2"]
[White "Bongo Akanga Ndjila, Barthelemy"]
[Black "Wuebker, Paul-Luca"]
[Result "1/2-1/2"]
[WhiteTitle "CM"]
[BlackTitle "CM"]
[WhiteElo "1847"]
[BlackElo "2244"]
[WhiteFideId "10609431"]
[BlackFideId "12939528"]
[EventDate "2025.06.03"]

1. d4 Nc6 2. Nf3 d6 3. g3 g6 4. Bg2 Bg7 5. O-O Bg4 6. c3 Nf6 7. b4 a6 8. a4 O-O
9. Na3 Qd7 10. Re1 Ne4 11. Bb2 d5 12. Nd2 Nxd2 13. Qxd2 Rad8 14. a5 e5 15. e3 e4
16. c4 Qe7 17. b5 axb5 18. cxb5 Nb4 19. Nc2 Nd3 20. Ba3 Qd7 21. Bxf8 Bxf8 22.
Reb1 Ra8 23. Ne1 Nxe1 24. Qxe1 h5 25. Qc1 Bd6 26. b6 c6 27. a6 bxa6 28. b7 Rb8
29. Rxa6 Rxb7 30. Rxb7 Qxb7 31. Rxc6 Be7 32. Rc7 Qb4 33. h3 Be6 34. Qc6 Kg7 35.
Qe8 Bd6 36. Qxe6 Bxc7 37. Qxd5 Qe1+ 38. Bf1 Bxg3 39. fxg3 Qxg3+ 40. Bg2 Qxe3+
41. Kh2 Qf4+ 42. Kg1 f5 43. Qd7+ Kh6 44. d5 e3 45. Qe7 Qf2+ 46. Kh1 e2 47. Qf8+
Kg5 48. Qe7+ Kf4 49. Qd6+ Kg5 50. Qe7+ Kh6 51. Qf8+ Kg5 52. Qe7+ 1/2-1/2

[Event "Titled Tue 3rd Jan Late"]
[Site "chess.com INT"]
[Date "2025.06.03"]
[Round "2"]
[White "Kislinsky, Alexey"]
[Black "Martinez Alcantara, Jose Eduardo"]
[Result "1-0"]
[WhiteTitle "GM"]
[BlackTitle "GM"]
[WhiteElo "2350"]
[BlackElo "2611"]
[WhiteFideId "14108801"]
[BlackFideId "3805662"]
[EventDate "2025.06.03"]

1. d4 Nf6 2. c4 e6 3. Nf3 Bb4+ 4. Nbd2 O-O 5. g3 b6 6. Bg2 Bb7 7. O-O a5 8. Qc2
Be7 9. e4 Nc6 10. e5 Ne8 11. a3 d6 12. Ne4 h6 13. Rd1 f5 14. exf6 Nxf6 15. b3
Qd7 16. Nxf6+ Bxf6 17. Bb2 Ne7 18. Ng5 hxg5 19. Bxb7 Rad8 20. Bg2 d5 21. Rac1 c6
22. Re1 Nf5 23. Rcd1 g6 24. Bh3 Qf7 25. cxd5 cxd5 26. Bxf5 exf5 27. Qc6 Rde8 28.
Qxb6 g4 29. Qxa5 f4 30. Rxe8 Rxe8 31. Re1 f3 32. Rxe8+ Qxe8 33. Qd2 Bg5 34. Qd1
Qe4 35. Bc3 Be7 36. a4 g5 37. Qe1 Qd3 38. Qxe7 Qxc3 39. Qxg5+ Kf7 40. Qxd5+ Kf6
41. Qe5+ Kf7 42. Qf4+ Kg6 43. Qxg4+ Kf6 44. Qf4+ Kg6 45. Qe4+ Kf6 46. h4 Qc1+
47. Kh2 Qd1 48. a5 Qe2 49. Qe3 Kf5 50. a6 Qxe3 51. fxe3 Ke4 52. Kg1 Kxe3 53. Kf1
f2 54. a7 Kf3 55. a8=Q+ Kxg3 56. Qf8 Kh2 57. Qxf2+ Kh1 58. Qg2# 1-0

[Event "Titled Tue 3rd Jan Late"]
[Site "chess.com INT"]
[Date "2025.06.03"]
[Round "2"]
[White "Araujo Filho, Luiz Antonio Coel"]
[Black "Toktomushev, Teimur"]
[Result "0-1"]
[BlackTitle "FM"]
[WhiteElo "2077"]
[BlackElo "2398"]
[WhiteFideId "2130661"]
[BlackFideId "14176726"]
[EventDate "2025.06.03"]

1. d4 d5 2. Nf3 Nf6 3. e3 c5 4. c3 Nc6 5. Nbd2 e6 6. Bd3 Bd6 7. Qe2 O-O 8. dxc5
Bxc5 9. e4 h6 10. O-O Qc7 11. e5 Ng4 12. Nb3 Bb6 13. Bf4 f6 14. Rae1 fxe5 15.
Bxe5 Ncxe5 16. Nxe5 Rxf2 17. Rxf2 Bxf2+ 18. Kh1 Bxe1 19. Nxg4 Bh4 20. g3 Bg5 21.
Bc2 Qc4 22. Bd3 Qc7 23. Bc2 Qf7 24. Qd3 g6 25. Ne5 Qf5 26. Qe2 Qf6 27. Nxg6 e5
28. Nxe5 Bf5 29. Bxf5 Qxf5 30. Nd4 Qe4+ 31. Qxe4 dxe4 32. Kg1 Be3+ 33. Kf1 Bxd4
34. cxd4 Rd8 35. Ke2 Rxd4 36. Ke3 Rb4 37. b3 a5 38. g4 a4 39. bxa4 Rxa4 40. h4
Kg7 41. Nd7 Rxa2 42. Kxe4 Ra4+ 43. Kf5 b5 44. g5 hxg5 45. hxg5 b4 46. Nc5 Ra5 0-1

[Event "Titled Tue 3rd Jan Late"]
[Site "chess.com INT"]
[Date "2025.06.03"]
[Round "2"]
[White "Gurevich, Dmitry"]
[Black "Rastbod, Ali"]
[Result "0-1"]
[WhiteTitle "GM"]
[BlackTitle "FM"]
[WhiteElo "2347"]
[BlackElo "2269"]
[WhiteFideId "2000407"]
[BlackFideId "12567477"]
[EventDate "2025.06.03"]

1. d4 d6 2. e4 Nf6 3. Nc3 e5 4. Nf3 Nbd7 5. Be2 Be7 6. O-O O-O 7. h3 c6 8. a4
Qc7 9. Be3 b6 10. Qd2 Bb7 11. Rfd1 a6 12. dxe5 dxe5 13. Nh4 g6 14. Bh6 Rfd8 15.
Nf5 Bf8 16. Bxf8 Nxf8 17. Qh6 Ne8 18. Ne3 Qe7 19. Nc4 b5 20. Na5 Ne6 21. Nxb7
Qxb7 22. Bg4 Nd4 23. axb5 axb5 24. Rxa8 Rxa8 25. Rd2 Qe7 26. Ne2 Nxe2+ 27. Rxe2
Nf6 28. Bf3 Nd7 29. Rd2 Nc5 30. c3 Ne6 31. Bg4 Qg5 32. Qxg5 Nxg5 33. Bf3 Ra2 34.
h4 Ne6 35. g3 h5 36. Kg2 Kf8 37. Rd6 Rxb2 38. Rxc6 Ke7 39. Rb6 Nc5 40. Kf1 Na4
41. Rc6 Rc2 42. Be2 Rc1+ 43. Kg2 Rxc3 44. Bxb5 Rxc6 45. Bxc6 Nc5 46. Ba8 Ne6 47.
Kf3 Kd6 48. Ke3 Nd4 49. f4 Ne6 50. Kf3 Nc7 51. Bb7 Nb5 0-1

[Event "Titled Tue 3rd Jan Late"]
[Site "chess.com INT"]
[Date "2025.06.03"]
[Round "2"]
[White "Levano Loayza, Adriano Jaffet"]
[Black "Przybylski, Wojciech"]
[Result "1-0"]
[WhiteTitle "CM"]
[BlackTitle "FM"]
[WhiteElo "2049"]
[BlackElo "2340"]
[WhiteFideId "3865584"]
[BlackFideId "1117599"]
[EventDate "2025.06.03"]

1. d4 Nf6 2. c4 g6 3. Nc3 d5 4. cxd5 Nxd5 5. e4 Nxc3 6. bxc3 Bg7 7. Bc4 O-O 8.
Ne2 c5 9. O-O cxd4 10. cxd4 Nc6 11. Be3 Bg4 12. f3 Bd7 13. Rc1 e5 14. d5 Na5 15.
Bd3 b5 16. Qd2 f5 17. Kh1 f4 18. Bg1 g5 19. Qb4 g4 20. Qd6 g3 21. Rc7 Rf7 22.
hxg3 fxg3 23. Nxg3 Qg5 24. Rxd7 Rf6 25. Rxg7+ Qxg7 26. Nf5 Rxd6 27. Nxg7 Kxg7
28. Bh2 Re8 29. Bxb5 Re7 30. Bd3 Rh6 31. Kg1 Rb6 32. f4 exf4 33. Bxf4 h6 34. d6
Re6 35. e5 Nb7 36. Bf5 Nxd6 37. Bxe6 Ne4 38. Bh3 Nc5 39. Be3 Rb5 40. Bxc5 Rxc5
41. e6 Re5 42. Kf2 h5 43. Re1 Rxe1 44. Kxe1 Kf6 45. Kd2 h4 46. Ke3 a5 47. Kf4 a4
48. Ke4 a3 49. Kd4 Ke7 50. Kc4 Kd6 51. Kb3 Ke7 52. Kxa3 Kf6 53. Kb4 Ke7 54. Kc5
Kf6 55. Kd6 1-0

[Event "Titled Tue 3rd Jan Late"]
[Site "chess.com INT"]
[Date "2025.06.03"]
[Round "2"]
[White "Eliseev, Sergey"]
[Black "Bustelo, Tabare"]
[Result "1/2-1/2"]
[WhiteTitle "FM"]
[BlackTitle "CM"]
[WhiteElo "2254"]
[BlackElo "2043"]
[WhiteFideId "1534734"]
[BlackFideId "3000362"]
[EventDate "2025.06.03"]

1. e4 e5 2. Nf3 f5 3. d4 fxe4 4. Nxe5 Nf6 5. Bc4 d5 6. Be2 Nbd7 7. Nxd7 Bxd7 8.
Bg5 Be7 9. Bxf6 Bxf6 10. c4 c6 11. Nc3 Be6 12. cxd5 cxd5 13. Bb5+ Kf7 14. O-O a6
15. Ba4 b5 16. Bb3 Qd7 17. f3 exf3 18. Qxf3 Rad8 19. Rad1 Rhf8 20. Rfe1 Kg8 21.
Qh5 Bg4 22. Qxd5+ Kh8 23. Qxd7 Rxd7 24. Be6 Bxe6 25. Rxe6 Rxd4 26. Rde1 b4 27.
Ne4 a5 28. Nxf6 gxf6 29. Ra6 Rd2 30. Rxa5 Rxb2 31. Re7 Rd8 32. h4 Rg8 33. Kf1
Rgxg2 34. Ra8+ Rg8 35. Raa7 Rc8 36. Rxh7+ Kg8 37. Rag7+ Kf8 38. Rf7+ Kg8 39.
Rhg7+ Kh8 40. Rh7+ Kg8 41. Rfg7+ Kf8 42. Rh8+ Kxg7 43. Rxc8 Rxa2 44. Rb8 Rb2 45.
Rb5 Kg6 46. h5+ Kh6 47. Kg1 b3 48. Kh1 Rb1+ 49. Kg2 b2 50. Kh2 Kg7 51. Rb7+ Kh6
52. Rb5 Kg7 53. Kg2 Kh6 54. Kh2 1/2-1/2

[Event "Titled Tue 3rd Jan Late"]
[Site "chess.com INT"]
[Date "2025.06.03"]
[Round "2"]
[White "Gharibyan, Mamikon"]
[Black "Ozates, Tuna"]
[Result "0-1"]
[WhiteTitle "GM"]
[BlackTitle "FM"]
[WhiteElo "2472"]
[BlackElo "2217"]
[WhiteFideId "13308300"]
[BlackFideId "6354521"]
[EventDate "2025.06.03"]

1. e4 c5 2. Nf3 Nc6 3. Bb5 e5 4. O-O Bd6 5. d3 Nge7 6. a3 O-O 7. Bc4 h6 8. Nc3
a6 9. Nh4 b5 10. Ba2 Bc7 11. Qh5 Nd4 12. Bxh6 gxh6 13. Nd5 Nxd5 14. Bxd5 Qg5 15.
Qxg5+ hxg5 16. Ng6 Rb8 17. Nxf8 Kxf8 18. c3 Ne2+ 19. Kh1 Nf4 20. Rfd1 Nxd5 21.
exd5 d6 22. b4 c4 23. dxc4 bxc4 24. a4 Bb6 25. f3 Bf5 26. Ra2 Bd3 27. g4 e4 28.
Kg2 e3 29. Re1 Re8 30. Kg3 Re5 31. f4 gxf4+ 32. Kxf4 Rxd5 33. b5 axb5 34. a5 Ba7
35. a6 Re5 36. h4 e2 37. Kf3 Re3+ 38. Kf4 d5 39. h5 f6 40. Rb2 Re6 41. g5 fxg5+
42. Kxg5 Rxa6 43. Rxb5 Be3+ 44. Kg4 Bd2 45. Rh1 e1=Q 46. Rxe1 Bxe1 47. Rxd5 Bxc3
48. Rb5 Re6 49. Rb7 Re7 50. Rb8+ Kg7 51. Rb6 Bd2 52. Rg6+ Bxg6 0-1

[Event "Titled Tue 3rd Jan Late"]
[Site "chess.com INT"]
[Date "2025.06.03"]
[Round "2"]
[White "Ferreira, Vitor Hugo Vieira"]
[Black "Barwinska, Ewa"]
[Result "1-0"]
[BlackTitle "WFM"]
[WhiteElo "2128"]
[BlackElo "2014"]
[WhiteFideId "2119765"]
[BlackFideId "21833761"]
[EventDate "2025.06.03"]

1. e4 c5 2. Nf3 d6 3. d4 cxd4 4. Nxd4 Nf6 5. Nc3 a6 6. h3 e5 7. Nb3 Be6 8. Be3
d5 9. exd5 Nxd5 10. Nxd5 Qxd5 11. Qxd5 Bxd5 12. O-O-O Be6 13. Nc5 Bxc5 14. Bxc5
Nd7 15. Ba3 f6 16. Be2 b5 17. Bf3 Rb8 18. Bd6 Rd8 19. Bb7 Kf7 20. Kb1 Nb8 21.
Bc7 Rd7 22. Rxd7+ Nxd7 23. b3 Nc5 24. Bf3 e4 25. Be2 Rc8 26. Bb6 Nd7 27. Be3 f5
28. Rd1 Nf6 29. f3 Nd5 30. Bd4 Nf4 31. Bf1 exf3 32. gxf3 Bd5 33. Be5 Bxf3 34.
Rd2 Ng6 35. Bb2 Be4 36. Kc1 Nf4 37. c4 bxc4 38. Bxc4+ Kg6 39. Rd6+ Kh5 40. Bxg7
Ne2+ 41. Kd2 Ng3 42. Rh6+ Kg5 43. Rxh7 f4 44. Bh6+ Kh5 45. Bf7+ 1-0

[Event "Titled Tue 3rd Jan Late"]
[Site "chess.com INT"]
[Date "2025.06.03"]
[Round "2"]
[White "Robert, Yoann"]
[Black "Llorente Zaro, Alfonso"]
[Result "1-0"]
[WhiteTitle "CM"]
[BlackTitle "IM"]
[WhiteElo "2198"]
[BlackElo "2433"]
[WhiteFideId "36018805"]
[BlackFideId "2254131"]
[EventDate "2025.06.03"]

1. d4 Nf6 2. Nc3 d5 3. Bf4 c5 4. e4 dxe4 5. dxc5 Qa5 6. Qd2 Nc6 7. Nb5 Qxd2+ 8.
Bxd2 Kd8 9. O-O-O Bd7 10. a3 Ng4 11. Nh3 h6 12. Bc4 a6 13. Nc3 Nge5 14. Ba2 Bxh3
15. gxh3 e6 16. Nxe4 Kc7 17. Bf4 g5 18. Bg3 f5 19. Bxe5+ Nxe5 20. Nd6 Nd7 21. b4
Rh7 22. Bxe6 f4 23. Rhe1 Nf6 24. Bf5 Re7 25. Rxe7+ Bxe7 26. Ne4 Nxe4 27. Bxe4
Re8 28. Bf5 Rd8 29. Rxd8 Bxd8 30. Kd2 Bf6 31. c3 Be5 32. Bg4 Bf6 33. Kd3 Bg7 34.
Kc4 Bf6 35. a4 Bg7 36. b5 a5 37. b6+ Kb8 38. Bf3 Bf6 39. Kd3 Bg7 40. c4 Bb2 41.
Ke4 Bc3 42. Bg4 Be1 43. f3 Bf2 44. Kd5 Bg1 45. Kd6 Bf2 46. Bf5 Bg1 47. Be4 Bf2
48. c6 Bxb6 49. cxb7 Bc7+ 50. Kd7 Be5 51. c5 1-0

[Event "Titled Tue 3rd Jan Late"]
[Site "chess.com INT"]
[Date "2025.06.03"]
[Round "2"]
[White "Drygalov, Andrey"]
[Black "Kozionov, Kirill"]
[Result "0-1"]
[WhiteTitle "GM"]
[BlackTitle "IM"]
[WhiteElo "2431"]
[BlackElo "2449"]
[WhiteFideId "24171735"]
[BlackFideId "24101729"]
[EventDate "2025.06.03"]

1. e4 d5 2. exd5 Nf6 3. d4 Nxd5 4. Nf3 g6 5. c4 Nb6 6. Nc3 Bg7 7. c5 Nd5 8. Bc4
c6 9. h3 O-O 10. Qb3 Nxc3 11. bxc3 b5 12. cxb6 axb6 13. O-O b5 14. Bd3 Be6 15.
Qc2 Bd5 16. Be4 Nd7 17. Re1 Nf6 18. Bxd5 cxd5 19. Qb3 Ne4 20. Ng5 e5 21. Nxe4
dxe4 22. d5 f5 23. d6+ Kh8 24. Ba3 Qd7 25. Bb4 Rfc8 26. Qd5 Bf6 27. Rad1 Kg7 28.
Re2 Ra6 29. Rb2 e3 30. fxe3 e4 31. Bc5 Kh6 32. g4 fxg4 33. Rf1 Bxc3 34. Rf7 Qc6
35. Qxc6 Raxc6 36. d7 Bxb2 37. Bf8+ Kg5 38. Be7+ Kh6 39. Bf8+ Kg5 40. Be7+ Kh6
41. h4 Rc1+ 42. Kg2 R8c2+ 43. Kg3 Be5+ 44. Kxg4 Rg1+ 45. Kh3 Rh2# 0-1

[Event "Titled Tue 3rd Jan Late"]
[Site "chess.com INT"]
[Date "2025.06.03"]
[Round "2"]
[White "Bouchet, Sebastien"]
[Black "Albores, Pablo"]
[Result "1-0"]
[WhiteTitle "CM"]
[BlackTitle "CM"]
[WhiteElo "2180"]
[BlackElo "2220"]
[WhiteFideId "623571"]
[BlackFideId "105546"]
[EventDate "2025.06.03"]

1. e4 d6 2. d4 Nf6 3. Nc3 g6 4. f3 c6 5. a4 b6 6. h4 h5 7. Be3 Bg7 8. Qd2 Qc7 9.
Nh3 Bxh3 10. Rxh3 Nbd7 11. Rh1 a6 12. Be2 Rc8 13. Bxa6 Ra8 14. Bd3 b5 15. Kf2
bxa4 16. Rxa4 O-O 17. Rha1 Rxa4 18. Rxa4 Rb8 19. b3 Nb6 20. Ra6 Ra8 21. Rxa8+
Nxa8 22. Na4 Nd7 23. Qb4 Kh7 24. Ba6 Nab6 25. Bd3 Nxa4 26. Qxa4 c5 27. c3 e5 28.
d5 Bf6 29. g3 Nf8 30. Qc6 Qd8 31. Ke2 Kg7 32. b4 cxb4 33. cxb4 Nh7 34. b5 Qa5
35. b6 Bd8 36. b7 Bc7 37. Bd2 Qc5 38. Qxc5 dxc5 39. Be3 Bd6 40. Bxc5 Bb8 41. Bb5
f6 42. Bd7 Nf8 43. Bc8 Kf7 44. Kd3 Ke8 45. Kc4 Nd7 46. Bxd7+ Kxd7 47. Kb5 f5 48.
Ka6 f4 49. gxf4 exf4 50. Ba7 Kc7 51. Bxb8+ Kxb8 52. Kb6 g5 53. d6 gxh4 54. d7 1-0

[Event "Titled Tue 3rd Jan Late"]
[Site "chess.com INT"]
[Date "2025.06.03"]
[Round "2"]
[White "Thorhallsson, Simon"]
[Black "Panarin, Mikhail"]
[Result "0-1"]
[WhiteTitle "FM"]
[BlackTitle "GM"]
[WhiteElo "2218"]
[BlackElo "2562"]
[WhiteFideId "2310090"]
[BlackFideId "4153251"]
[EventDate "2025.06.03"]

1. g3 c5 2. Bg2 Nc6 3. d3 g6 4. Nf3 Bg7 5. O-O d6 6. Nc3 e6 7. e4 Nge7 8. Nh4
O-O 9. f4 f5 10. exf5 exf5 11. Nd5 Be6 12. Nxe7+ Qxe7 13. Re1 Qd7 14. Nf3 Kh8
15. c3 Rfe8 16. Bd2 Bd5 17. Rxe8+ Rxe8 18. Qf1 Bf6 19. a3 Kg7 20. Re1 b5 21.
Rxe8 Qxe8 22. Qe1 Qxe1+ 23. Nxe1 Bxg2 24. Nxg2 Kf7 25. Ne3 Ke6 26. Kg2 d5 27.
Nc2 d4 28. cxd4 Nxd4 29. Nxd4+ Bxd4 30. b3 Kd5 31. a4 bxa4 32. bxa4 c4 33. dxc4+
Kxc4 34. Kf3 Bc3 35. Be3 a6 36. g4 Kb3 37. gxf5 gxf5 38. Kg3 Be1+ 39. Kf3 Kxa4
40. Ke2 Bc3 41. Kd3 Kb3 42. Bb6 Bf6 43. Bc7 Kb4 44. Bd6+ Kb5 45. Bf8 a5 46. Bd6
a4 47. Bf8 Bd8 48. Kd4 Bc7 49. Kd5 Bxf4 50. Ke6 Bxh2 51. Kxf5 Bc7 52. Kg4 Ba5
53. Ba3 Bb4 54. Bb2 Kc4 55. Kf3 Kb3 56. Bc1 Kc2 57. Ba3 Bxa3 0-1

[Event "Titled Tue 3rd Jan Late"]
[Site "chess.com INT"]
[Date "2025.06.03"]
[Round "2"]
[White "Zlatkov, Anton"]
[Black "Daspres, Loic"]
[Result "1-0"]
[WhiteTitle "FM"]
[BlackTitle "CM"]
[WhiteElo "2322"]
[BlackElo "2207"]
[WhiteFideId "15005402"]
[BlackFideId "20612281"]
[EventDate "2025.06.03"]

1. d4 Nf6 2. Nf3 e6 3. g3 d5 4. Bg2 b5 5. O-O Be7 6. a4 b4 7. c4 bxc3 8. Nxc3
O-O 9. Bf4 c6 10. Ne5 a5 11. Rc1 Bb7 12. Qd2 Nfd7 13. e4 Nxe5 14. Bxe5 Nd7 15.
Bf4 Bb4 16. Qe3 Nb6 17. b3 Qe7 18. h4 Rfe8 19. h5 f6 20. exd5 Nxd5 21. Nxd5 exd5
22. Qf3 Ba6 23. Rxc6 Bxf1 24. Qxd5+ Kh8 25. Bxf1 Rad8 26. Qf5 Qd7 27. Qxd7 Rxd7
28. Be3 Rde7 29. h6 gxh6 30. Rxf6 Rxe3 31. fxe3 Rxe3 32. Bc4 Kg7 33. Kf2 Kxf6
34. Kxe3 Ke7 35. g4 Kd6 36. Bg8 Ba3 37. Bxh7 Bc1+ 38. Ke4 Bd2 39. Bg8 Bb4 40.
Bc4 Bd2 41. Kf5 Be3 42. b4 axb4 43. d5 Kc5 44. Bb3 Kd6 45. Kg6 Ke5 46. a5 Ba7
47. Kxh6 Kd6 48. g5 Be3 49. Kh5 Kc5 50. g6 Bd4 51. a6 Kb6 52. d6 Bf6 53. d7 Kxa6
54. g7 1-0

[Event "Titled Tue 3rd Jan Late"]
[Site "chess.com INT"]
[Date "2025.06.03"]
[Round "2"]
[White "Yurtseven, Melih"]
[Black "Tang, Andrew"]
[Result "0-1"]
[WhiteTitle "IM"]
[BlackTitle "GM"]
[WhiteElo "2339"]
[BlackElo "2529"]
[WhiteFideId "6312160"]
[BlackFideId "2059630"]
[EventDate "2025.06.03"]

1. e4 e5 2. Nf3 Nc6 3. Nc3 Nf6 4. h3 g6 5. d4 exd4 6. Nxd4 Bg7 7. Nxc6 bxc6 8.
Bc4 O-O 9. O-O Re8 10. Re1 d6 11. Bb3 Nd7 12. Be3 Qh4 13. Bd4 Ne5 14. Bxe5 Bxe5
15. Qf3 Re7 16. Rad1 Kg7 17. Ne2 Bxb2 18. c3 Qxe4 19. Qg3 Bd7 20. Nf4 Qxe1+ 21.
Rxe1 Rxe1+ 22. Kh2 Re5 23. Nd3 Bxc3 24. Nxe5 Bxe5 25. f4 Bf6 26. Qe3 a5 27. Qe4
d5 28. Qe1 a4 29. Bc2 c5 30. f5 a3 31. h4 c4 32. h5 d4 33. fxg6 hxg6 34. Qf2
Be5+ 35. g3 d3 36. Bd1 Re8 37. Qc5 c3 38. Qc4 c2 39. Bxc2 dxc2 40. Qxc2 gxh5 41.
Qd1 Bd6 42. Qd4+ Re5 43. Qc3 Be6 44. Qd4 Bxa2 45. Qd2 Be6 46. Qd4 a2 47. Kg2 f6
48. Qa7 Re1 49. g4 a1=Q 50. Qxa1 Rxa1 51. gxh5 Kh6 52. Kf3 Ra4 0-1